| 000 | 00668 a2200181 4500 | ||
|---|---|---|---|
| 003 | Nust | ||
| 005 | 20170207154022.0 | ||
| 020 | _a0-13-211962-5 | ||
| 040 | _cNust | ||
| 082 | _a621.382 | ||
| 100 | 1 | _aPeebles, Peyton Z., | |
| 245 | 0 | 0 |
_aDigital communication systems (E-Book) _cPeyton Z. Peebles, Jr. |
| 260 |
_aEnglewood Cliffs : _bPrentice-Hall, _ccop. 1987 |
||
| 300 |
_axvi, 432 s. : _bill. |
||
| 505 | _a Introduction (Page-1) Sampling Principles (Page-9) Based Digital Waveform (Page-57) Based Digital Systems (Page-142) Band Pass Binary Digital Systems (Page-244) M-ary Digital Systems (Page-329) | ||
| 650 | _aTelecommunication engineering. | ||
| 651 | _a(E-Book) | ||
| 942 |
_2ddc _cBK |
||
| 999 |
_c191725 _d191725 |
||